MARC details
| 000 -LEADER |
| fixed length control field |
01036nam a2200229Ia 4500 |
| 003 - CONTROL NUMBER IDENTIFIER |
| control field |
IN-BaIIA |
| 008 - FIXED-LENGTH DATA ELEMENTS--GENERAL INFORMATION |
| fixed length control field |
211028s9999 xx 000 0 eng d |
| 020 ## - INTERNATIONAL STANDARD BOOK NUMBER |
| International Standard Book Number |
0-7923-5076-6 |
| 040 ## - CATALOGING SOURCE |
| Transcribing agency |
IIA Library |
| 080 ## - UNIVERSAL DECIMAL CLASSIFICATION NUMBER |
| Universal Decimal Classification number |
082.2:52 |
| Item number |
IAU-S185 |
| 111 ## - MAIN ENTRY--MEETING NAME |
| Meeting name or jurisdiction name as entry element |
Symposium of the International Astronomical Union |
| Location of meeting |
Japan |
| Date of meeting or treaty signing |
1997 Aug. 18-22 |
| 9 (RLIN) |
22010 |
| 245 #0 - TITLE STATEMENT |
| Title |
New eyes to see inside the sun and the stars- pushing the limits of helio and asteroseismology with new observations fromground and from space |
| Remainder of title |
proceedings of the 185th symposium of the IAU , held in Kyoto, Japan, August 18-22, 1997 |
| Statement of responsibility, etc. |
edited by Franz-Ludwig Deubner, J. Christensen-Dalsgaard and Don Kurtz |
| 260 ## - PUBLICATION, DISTRIBUTION, ETC. |
| Place of publication, distribution, etc. |
Dordrecht |
| Name of publisher, distributor, etc. |
Kluwer Academic |
| Date of publication, distribution, etc. |
1998 |
| 300 ## - PHYSICAL DESCRIPTION |
| Extent |
xiv, 487p. |
| 490 ## - SERIES STATEMENT |
| Series statement |
IAU Symposium; no. 185 |
| 650 ## - SUBJECT ADDED ENTRY--TOPICAL TERM |
| Topical term or geographic name entry element |
Asterioseismology |
| 9 (RLIN) |
22011 |
| 650 ## - SUBJECT ADDED ENTRY--TOPICAL TERM |
| Topical term or geographic name entry element |
Helioseismology |
| 9 (RLIN) |
15702 |
| 700 ## - ADDED ENTRY--PERSONAL NAME |
| Personal name |
Christensen-Dalsgaard, J., ed. |
| 9 (RLIN) |
21800 |
| 700 ## - ADDED ENTRY--PERSONAL NAME |
| Personal name |
Kurtz, Don, ed. |
| 9 (RLIN) |
22012 |
| 710 ## - ADDED ENTRY--CORPORATE NAME |
| Corporate name or jurisdiction name as entry element |
International Astronomical Union |
| 942 ## - ADDED ENTRY ELEMENTS (KOHA) |
| Koha item type |
Books |